LEADER 01015nam a2200229 i 4500 001 000000185646 003 CaOOAMICUS 005 20100210000000.0 008 100210s1925 it u000 u fre u 013 $a163680 040 $aSeMil$bita 100 1 $aRivière, Jean,$d<1878-1946>.$0(OLS)http://semarc/name/16108 245 10$aSaint Basile :$bévêque de Césarée /$cPar l'Abbé Jean Rivière. 260 $aParis :$bLibrairie Victor Lecoffre,$c1925. 300 $a320 p. ;$c19 cm. 490 0 $aLes moralistes chrétiens : textes et commentaires 600 04$aBasilio : di Cesarea .$0(OLS)http://semarc/subject/66 830 4$aLes moralistes chrétiens : textes et commentaires.$0(OLS)http://semarc/title/18710 850 $aSeMil 852 $aSeMil$W1$xVenegono$y1$m2T I 22$j136337$B136337$CSeMilBibl$Z2$F147869 $81 996 $6245$aSaint Basile :$bévêque de Césarée$9(OLS)http://semarc/title/266833 996 $6260$aParis :$bLibrairie Victor Lecoffre$9(OLS)http://semarc/publisher/31879 LEADER 01317nam a2200241 i 4500 001 000000065907 003 CaOOAMICUS 005 20131125000000.0 008 131125s1940 it u000 u ita u 013 $a37079 040 $aSeMil$bita 100 1 $aBonfiglioli, Giuseppe .$0(OLS)http://semarc/name/33110 245 13$aLa giustizia primitiva e il peccato originale in S. Giovanni Damasceno /$cPontificia Universitas Gregoriana ; Sac. Dott. Giuseppe Bonfiglioli. 260 $aVenegono Inferiore (VA) :$bLa Scuola Cattolica,$c1940. 300 $aIV, 48 p. ;$c25 cm. 500 $aContiene : Bibliografia. - In mezzo al front : Excerpta Ex Dissertatione ad Lauream in Facultate Theologica Pontificiae Universitatis Gregorianae. 600 04$aGiovanni : Damasceno .$0(OLS)http://semarc/subject/9467 650 4$aPeccato originale.$0(OLS)http://semarc/subject/4565 710 2 $aPontificia Università Gregoriana .$0(OLS)http://semarc/name/5 850 $aSeMil 852 $aSeMil$W1$xVenegono$y1$m2N II 48$j32060$B32060$CSeMilBibl$Z2$F32063 $81 996 $6245$aLa giustizia primitiva e il peccato originale in S. Giovanni Damasceno$9(OLS)http://semarc/title/104695 996 $6260$aVenegono Inferiore (VA) :$bLa Scuola Cattolica$9(OLS)http://semarc/publisher/29825